La obra del artista en 84 cuadros / (Record no. 142456)

MARC details
000 -LEADER
campo de control de longitud fija 00525nam a2200169 i 4500
001 - NÚMERO DE CONTROL
campo de control 142456
003 - IDENTIFICADOR DE NÚMERO DE CONTROL
campo de control ES-MaACL
005 - FECHA Y HORA DE LA ÚLTIMA TRANSACCIÓN
campo de control 20230906200527.0
007 - CAMPO FIJO DE DESCRIPCIÓN FÍSICA--INFORMACIÓN GENERAL
campo de control de longitud fija t|
008 - DATOS DE LONGITUD FIJA--INFORMACIÓN GENERAL
campo de control de longitud fija 071005s1926 sp ||||1| spa d
100 1# - ENTRADA PRINCIPAL--NOMBRE DE PERSONA
Nombre de persona Viladrich, Miguel.
9 (RLIN) 114758
245 13 - MENCIÓN DEL TÍTULO
Título La obra del artista en 84 cuadros /
Mención de responsabilidad, etc. M. Viladrich ; con un prefacio de Luis Bertrán.
260 ## - PUBLICACIÓN, DISTRIBUCIÓN, ETC.
Lugar de publicación, distribución, etc. Buenos Aires :
Nombre del editor, distribuidor, etc. [s.n.],
Fecha de publicación, distribución, etc. 1926 (
Fabricante Imp. Caras y Caretas)
300 ## - DESCRIPCIÓN FÍSICA
Extensión XXVII, 84 p. ;
Dimensiones 26 cm.
700 1# - ENTRADA AGREGADA--NOMBRE PERSONAL
Nombre de persona Bertrán, Luis.
9 (RLIN) 28495
852 ## - LOCALIZACIÓN
Ubicación ES-MaACL
Número de control de estantería A-4283
Holdings
Estatus retirado Estado de pérdida Estado de daño No para préstamo Biblioteca de origen Biblioteca actual Ubicación en estantería Fecha de adquisición Fuente de adquisición Total de préstamos Signatura topográfica completa Código de barras Visto por última vez Precio de reemplazo Tipo de ítem Koha
        Biblioteca del Ateneo de Madrid Biblioteca del Ateneo de Madrid Sala Pecera Planta 1 17/01/2008     A-4283 1148224 23/02/2023 23/02/2023 Libro impreso